Catálogo
Digital

Catálogo
Digital

Genealogía de la justicia constitucional ecuatoriana (Record no. 14188)

MARC details
000 -CABECERA
campo de control de longitud fija 01432nam a2200301 4500
003 - IDENTIFICADOR DEL NÚMERO DE CONTROL
campo de control EC-UNACH
005 - FECHA Y HORA DE LA ÚLTIMA TRANSACCIÓN
campo de control 20251117111745.0
006 - CÓDIGOS DE INFORMACIÓN DE LONGITUD FIJA--CARACTERÍSTICAS DEL MATERIAL ADICIONAL
campo de control de longitud fija s||||gr|||| 00| 00
008 - DATOS DE LONGITUD FIJA--INFORMACIÓN GENERAL
campo de control de longitud fija 150116t9999 mx r gr 000 0 spa d
020 ## - NÚMERO INTERNACIONAL ESTÁNDAR DEL LIBRO
Número Internacional Estándar del Libro 978-9942-07-038-8
040 ## - FUENTE DE LA CATALOGACIÓN
Centro catalogador/agencia de origen EC-UNACH
Centro/agencia transcriptor EC-UNACH
041 ## - CÓDIGO DE LENGUA
Código de lengua del texto/banda sonora o título independiente spa
082 04 - NÚMERO DE LA CLASIFICACIÓN DECIMAL DEWEY
Número de edición 23
Número de clasificación 345.08
Número de documento/Ítem L018327
110 ## - ENTRADA PRINCIPAL--NOMBRE DE ENTIDAD CORPORATIVA
Nombre de entidad corporativa o nombre de jurisdicción como elemento de entrada Centro de estudios y difusión
245 ## - MENCIÓN DE TÍTULO
Título Genealogía de la justicia constitucional ecuatoriana
250 ## - MENCIÓN DE EDICIÓN
Mención de edición First Edition
Resto de la mención de edición Primera edición
264 ## - Producción, publicación, distribución, fabricación y copyright
Lugar de producción, publicación, distribución, fabricación Ecuador
Nombre del de productor, editor, distribuidor, fabricante Centro de estudios y difusión
Fecha de de producción, publicación, distribución, fabricación o copyright 2012
300 ## - DESCRIPCIÓN FÍSICA
Extensión 297
505 ## - NOTA DE CONTENIDO CON FORMATO
Nota de contenido con formato Capítulo I: Justicia constitucional: la experiencia comparada, Colegitimidad democrática y control constitucional, Críticas, ventajas y efectos del sistema de control de constitucionalidad en el ordenamiento político y en el sistema de fuentes del derecho -- Capítulo II: Reflexiones sobre el derecho procesal constitucional, Las sentencias atípicas de la jurisdicción constitucional y su valor jurídico, El código procesal constitucional peruano -- Capítulo III: De la propuesta a la vigencia. La justicia constitucional ecuatoriana en perspectiva.
650 ## - PUNTO DE ACCESO ADICIONAL DE MATERIA--TÉRMINO DE MATERIA
Término de materia o nombre geográfico como elemento inicial VENTAJAS E INCONVINIENTES
650 ## - PUNTO DE ACCESO ADICIONAL DE MATERIA--TÉRMINO DE MATERIA
Término de materia o nombre geográfico como elemento inicial UNA SISNTESIS DEL PROCESO
650 ## - PUNTO DE ACCESO ADICIONAL DE MATERIA--TÉRMINO DE MATERIA
Término de materia o nombre geográfico como elemento inicial REPARACIÓN
700 ## - PUNTO DE ACCESO ADICIONAL--NOMBRE DE PERSONA
Nombre de persona Dunia Martínez Molina
942 ## - ELEMENTOS DE PUNTO DE ACCESO ADICIONAL (KOHA)
Fuente del sistema de clasificación o colocación Clasificación Decimal Dewey
Tipo de ítem Koha Libros
999 ## - NÚMEROS DE CONTROL DE SISTEMA (KOHA)
Koha biblionumber 14188
Holdings
Estado de pérdida Fuente del sistema de clasificación o colocación Estado dañado No para préstamo Localización permanente Ubicación/localización actual Ubicación en estantería Fecha de adquisición Fuente de adquisición Número de inventario Total de préstamos Signatura topográfica completa Código de barras Fecha visto por última vez Precio válido a partir de Tipo de ítem Koha Centro de costos
  Clasificación Decimal Dewey     Biblioteca Campus Norte Biblioteca Campus Norte Facultad de Ciencias Políticas y Administrativas - Generalidades 17/11/2025 Transitoria segunda Resolución N°0311-CU-UNACH-SE-ORD-16-09-24 39932762   345.08 MAR L018327 L018327 17/11/2025 17/11/2025 Libros  

Powered by Koha